[Event "Alberta Closed"]
[Site "Edmonton CAN"]
[Date "2007.04.08"]
[Round "5"]
[White "Gardner, Robert"]
[Black "Lee, Vicente jr."]
[Result "0-1"]
[WhiteElo "2308"]
[BlackElo "2340"]
[PlyCount "70"]
[EventDate "2007.04.06"]
[EventType "tourn"]
[EventRounds "5"]
[EventCountry "CAN"]

1. e4 c5 2. Nf3 d6 3. d4 cxd4 4. Nxd4 Nf6 5. Nc3 a6 6. Be2 e5 7. Nb3 Be6 8. Bg5
Nbd7 9. Nd5 Bxd5 10. exd5 Be7 11. O-O O-O 12. c4 a5 13. a4 Ne4 14. Be3 Bg5 15.
Bd3 Bxe3 16. Bxe4 Bb6 17. Ra3 f5 18. Bc2 Rc8 19. Nd2 e4 20. Rh3 g6 21. b3 Ne5
22. Qe2 Qd7 23. Kh1 Rce8 24. Rg3 Bc5 25. h4 Qe7 26. Rh3 Ng4 27. Nb1 Qe5 28. h5
Qf4 29. Kg1 e3 30. f3 Nf2 31. Rh2 Qg3 32. Nc3 Bd4 33. hxg6 hxg6 34. Nd1 Be5 35.
Rh6 Bf4 0-1

[Event "Northern Alberta op"]
[Site "Edmonton CAN"]
[Date "2007.02.18"]
[Round "4"]
[White "Rekhson, Vladislav"]
[Black "Lee, Vicente jr."]
[Result "0-1"]
[WhiteElo "2159"]
[BlackElo "2349"]
[PlyCount "140"]
[EventDate "2007.02.17"]
[EventType "swiss"]
[EventRounds "5"]
[EventCountry "CAN"]

1. e4 c5 2. Nf3 d6 3. d4 cxd4 4. Qxd4 a6 5. c4 Nc6 6. Qd2 Nf6 7. Nc3 g6 8. b3
Bg7 9. Bb2 O-O 10. Bd3 Bg4 11. Ng1 Rc8 12. h3 Bd7 13. Nge2 Qa5 14. O-O b5 15.
Rfd1 bxc4 16. Bxc4 Rfd8 17. Nd5 Qxd2 18. Nxf6+ Bxf6 19. Rxd2 Bxb2 20. Rxb2 a5
21. f4 Be6 22. Rc1 Bxc4 23. Rxc4 Nb4 24. Rxc8 Rxc8 25. Rd2 Rc5 26. Kf2 f5 27.
Ke3 Kf7 28. exf5 Rxf5 29. a3 Nd5+ 30. Ke4 Nf6+ 31. Ke3 g5 32. fxg5 Rxg5 33. g3
Nd7 34. Kf4 Rb5 35. Nc1 Nc5 36. Rd5 Ke6 37. Rg5 Rb7 38. Rh5 Kf6 39. Kg4 e6 40.
Kh4 d5 41. g4 Kg7 42. Re5 h6 43. Re3 d4 44. Re5 d3 45. Nxd3 Nxd3 46. Rxa5 Rxb3
47. g5 hxg5+ 48. Kxg5 Rb7 49. h4 Rf7 50. h5 e5 51. Ra8 Re7 52. h6+ Kh7 53. Kf6
Rc7 54. Ra4 Nc5 55. Rg4 e4 56. Ke5 e3 57. Kd4 e2 58. Rg1 Rd7+ 59. Kxc5 Rd1 60.
Rg7+ Kxh6 61. Re7 e1=Q 62. Rxe1 Rxe1 63. a4 Ra1 64. Kb5 Kg6 65. a5 Kf6 66. Kb6
Ke6 67. a6 Kd7 68. Kb7 Rb1+ 69. Ka8 Kc6 70. a7 Rh1 0-1

[Event "Northern Alberta op"]
[Site "Edmonton CAN"]
[Date "2007.02.18"]
[Round "5"]
[White "Lee, Vicente jr."]
[Black "Li, Zhichao"]
[Result "0-1"]
[WhiteElo "2349"]
[BlackElo "2257"]
[PlyCount "92"]
[EventDate "2007.02.17"]
[EventType "swiss"]
[EventRounds "5"]
[EventCountry "CAN"]

1. c4 c6 2. Nc3 d5 3. d4 Nf6 4. Nf3 dxc4 5. a4 Bf5 6. e3 e6 7. Bxc4 Bb4 8. O-O
Nbd7 9. h3 h6 10. Qe2 Bh7 11. e4 O-O 12. Bd3 a5 13. Rd1 Re8 14. Bf4 Qb6 15.
Rac1 Rac8 16. Ne5 Nxe5 17. dxe5 Nd7 18. Bg3 Be7 19. Bc4 Red8 20. Kh2 Nc5 21. b3
Rxd1 22. Rxd1 Rd8 23. f3 Rxd1 24. Qxd1 Qd8 25. Qc2 Nd7 26. f4 Nb6 27. Bd3 Bh4
28. Bxh4 Qxh4 29. g3 Qe7 30. Qd2 Kf8 31. Bc2 Nd7 32. Nd1 b6 33. Ne3 Nc5 34. Nc4
Bxe4 35. Bxe4 Nxe4 36. Qe3 Nc5 37. Nxb6 Kg8 38. Nc4 Nb7 39. Qd2 Qc5 40. Nd6 Nd8
41. Nc4 Nb7 42. Nd6 Nd8 43. h4 Qd5 44. Qc3 Qd1 45. Nc4 Nb7 46. Qd2 Qf3 0-1

[Event "Trumpeter Classic"]
[Site "Grande Prairie CAN"]
[Date "2007.01.27"]
[Round "1"]
[White "Lee, Vicente jr."]
[Black "Caughlin, Wade"]
[Result "1-0"]
[WhiteElo "2330"]
[BlackElo "1740"]
[PlyCount "68"]
[EventDate "2007.01.27"]
[EventType "swiss"]
[EventRounds "5"]
[EventCountry "CAN"]

1. e4 c5 2. Nf3 d6 3. d4 cxd4 4. Nxd4 Nf6 5. Nc3 a6 6. Be2 e5 7. Nb3 Be7 8. Bg5
Nbd7 9. a4 O-O 10. O-O b6 11. Bc4 Bb7 12. Bxf6 Nxf6 13. f3 Qc7 14. Qd3 Rfd8 15.
Kh1 Rdc8 16. Nd2 Qc5 17. Rfd1 Qd4 18. Bb3 Qxd3 19. cxd3 Rd8 20. Nc4 Nd7 21. Ne3
Nc5 22. Bc4 Rdc8 23. Nf5 Bf8 24. Bd5 g6 25. Bxb7 Nxb7 26. Ne3 Nc5 27. Ncd5 Rab8
28. b4 Nb3 29. Rab1 Nd4 30. Rbc1 b5 31. a5 Bh6 32. Rxc8+ Rxc8 33. Ne7+ Kf8 34.
Nxc8 Bxe3 1-0

[Event "Trumpeter Classic"]
[Site "Grande Prairie CAN"]
[Date "2007.01.27"]
[Round "2"]
[White "Quiring, John"]
[Black "Lee, Vicente jr."]
[Result "0-1"]
[WhiteElo "1892"]
[BlackElo "2330"]
[PlyCount "64"]
[EventDate "2007.01.27"]
[EventType "swiss"]
[EventRounds "5"]
[EventCountry "CAN"]

1. e4 c5 2. Nc3 Nc6 3. f4 g6 4. Nf3 Bg7 5. Be2 e6 6. O-O d5 7. d3 Nge7 8. Qe1
d4 9. Na4 b6 10. c4 dxc3 11. bxc3 Bb7 12. Bb2 Qd7 13. c4 Nd4 14. Bxd4 cxd4 15.
Nb2 O-O 16. Nd2 Rac8 17. Bf3 f6 18. a4 Nc6 19. Nb3 Qd6 20. a5 Qxf4 21. axb6
axb6 22. Na4 Qc7 23. Qd2 Rcd8 24. Rfb1 Ne5 25. Nc1 f5 26. Nxb6 fxe4 27. Bxe4
Bxe4 28. dxe4 Ng4 29. g3 Bh6 30. Qe2 Be3+ 31. Kh1 Nf2+ 32. Kg2 Qc6 0-1

[Event "Trumpeter Classic"]
[Site "Grande Prairie CAN"]
[Date "2007.01.27"]
[Round "3"]
[White "Lee, Vicente jr."]
[Black "Hughey, Micah"]
[Result "1-0"]
[WhiteElo "2330"]
[BlackElo "2271"]
[PlyCount "57"]
[EventDate "2007.01.27"]
[EventType "swiss"]
[EventRounds "5"]
[EventCountry "CAN"]

1. e4 e5 2. Nf3 Nc6 3. Bb5 a6 4. Ba4 Nf6 5. O-O Be7 6. Re1 b5 7. Bb3 Bb7 8. d4
Nxd4 9. Nxd4 exd4 10. e5 Ne4 11. Qg4 O-O 12. Rxe4 Bxe4 13. Qxe4 c5 14. Bd5 Rb8
15. Nd2 Qb6 16. Nf3 Qg6 17. Qxg6 hxg6 18. Ng5 Rbe8 19. Nf3 Bd8 20. Kf1 g5 21.
h3 Bc7 22. Bxg5 Bxe5 23. a4 b4 24. Bc4 d3 25. cxd3 Bxb2 26. Rb1 Bc3 27. Bf4 Rc8
28. Bd6 Rfe8 29. Ng5 1-0

[Event "Trumpeter Classic"]
[Site "Grande Prairie CAN"]
[Date "2007.01.28"]
[Round "4"]
[White "Yearwood, Roy"]
[Black "Lee, Vicente jr."]
[Result "1/2-1/2"]
[WhiteElo "2190"]
[BlackElo "2330"]
[PlyCount "183"]
[EventDate "2007.01.27"]
[EventType "swiss"]
[EventRounds "5"]
[EventCountry "CAN"]

1. e4 c5 2. c3 Nf6 3. e5 Nd5 4. Nf3 Nc6 5. Bc4 Nb6 6. Bb3 d5 7. exd6 Qxd6 8.
Na3 a6 9. O-O Be6 10. d4 cxd4 11. Bxe6 Qxe6 12. cxd4 Qd7 13. Qb3 Nd5 14. Nc4 e6
15. Nce5 Nxe5 16. Nxe5 Qc7 17. Bd2 Bd6 18. Rac1 Qe7 19. f4 f5 20. Qa4+ b5 21.
Qb3 O-O 22. Rc6 Bxe5 23. dxe5 Rfd8 24. Ba5 Rd7 25. Qf3 h6 26. Kh1 Kh7 27. Rfc1
Qf7 28. h3 Qe7 29. Be1 Rdd8 30. Ba5 Rd7 31. a3 Qf7 32. Kh2 Qe7 33. Be1 a5 34.
Bf2 Rdd8 35. g4 fxg4 36. Qxg4 Qf7 37. Bg3 Re8 38. Qe2 Qf5 39. Qc2 Qxc2+ 40.
R1xc2 Kg6 41. R2c5 Kf5 42. Rxb5 Rec8 43. Rxc8 Rxc8 44. Rb7 Rc2+ 45. Kg1 Ke4 46.
f5 Kxf5 47. b4 Rc3 48. Rxg7 a4 49. Bf2 Rxa3 50. b5 Rb3 51. Ra7 a3 52. b6 Rb1+
53. Kg2 Nf4+ 54. Kh2 Rb2 55. Rf7+ Ke4 56. Kg3 Ne2+ 57. Kg4 a2 58. Ra7 Nc3 59.
Be1 Nd5 60. b7 Rxb7 61. Rxa2 Rg7+ 62. Kh5 Rg1 63. Bd2 Kxe5 64. Bxh6 Rg3 65.
Re2+ Kf5 66. Rf2+ Ke5 67. Re2+ Kd6 68. Bf8+ Kd7 69. Kh4 Rxh3+ 70. Kxh3 Nf4+ 71.
Kg3 Nxe2+ 72. Kf3 Nd4+ 73. Ke4 Nf5 74. Ke5 Ne3 75. Ke4 Nc4 76. Kd4 Na5 77. Ke4
Nc6 78. Bc5 Ke8 79. Bd6 Kf7 80. Bg3 Ne7 81. Be5 Nc6 82. Bc3 Ke7 83. Be5 Kd7 84.
Bg3 Nb4 85. Be1 Nd5 86. Ke5 Ne7 87. Ke4 Nd5 88. Ke5 Ne3 89. Ke4 Nc2 90. Bc3 Na3
91. Bb4 Nb5 92. Ke5 1/2-1/2

[Event "Trumpeter Classic"]
[Site "Grande Prairie CAN"]
[Date "2007.01.28"]
[Round "5"]
[White "Lee, Vicente jr."]
[Black "Gardner, Robert"]
[Result "1-0"]
[WhiteElo "2330"]
[BlackElo "2302"]
[PlyCount "61"]
[EventDate "2007.01.27"]
[EventType "swiss"]
[EventRounds "5"]
[EventCountry "CAN"]

1. c4 b6 2. Nc3 Bb7 3. e4 e6 4. d4 Bb4 5. d5 Bxc3+ 6. bxc3 e5 7. Bd3 Nf6 8. Ne2
d6 9. O-O Nbd7 10. f4 Qe7 11. a4 Nc5 12. Ng3 Nfd7 13. a5 g6 14. f5 f6 15. Be2
Ba6 16. h4 O-O-O 17. Be3 Kb7 18. Qc2 Rdg8 19. Ra3 Qg7 20. Rf2 h5 21. fxg6 Qxg6
22. Nf5 Qh7 23. Qb1 Rg6 24. axb6 axb6 25. Rxa6 Nxa6 26. c5 Naxc5 27. Bb5 Rg4
28. Bc6+ Kc8 29. Bxc5 dxc5 30. Qa2 Nb8 31. Qa8 1-0

[Event "Christmas op"]
[Site "Edmonton CAN"]
[Date "2006.12.21"]
[Round "3"]
[White "Grumic, Sasa"]
[Black "Lee, Vicente jr."]
[Result "1/2-1/2"]
[WhiteElo "2134"]
[BlackElo "2330"]
[PlyCount "82"]
[EventDate "2006.12.07"]
[EventType "swiss"]
[EventRounds "4"]
[EventCountry "CAN"]

1. Nf3 d5 2. g3 Bg4 3. Bg2 c6 4. c4 e6 5. O-O Nd7 6. d4 Ngf6 7. Nbd2 h6 8. b3
a5 9. Bb2 a4 10. c5 Qa5 11. Qc1 b6 12. Bc3 Qa6 13. b4 Qxe2 14. Re1 Qa6 15. b5
Qb7 16. Ne5 Nxe5 17. dxe5 Nd7 18. cxb6 Qxb6 19. bxc6 Qxc6 20. Bd4 Qxc1 21.
Rexc1 Bb4 22. Nc4 O-O 23. Ne3 Bh5 24. Rc7 Rfd8 25. Rac1 Ba5 26. R7c6 Rab8 27.
a3 Bb6 28. Bxb6 Nxb6 29. Rb1 Nd7 30. Rxb8 Rxb8 31. f4 Rb3 32. Kf2 g5 33. Rc7
gxf4 34. gxf4 Nb6 35. Bf1 Rxa3 36. Rb7 Rb3 37. Rb8+ Kh7 38. f5 d4 39. Nc2 d3
40. Ne3 d2 41. Rd8 Rxe3 1/2-1/2

[Event "Christmas op"]
[Site "Edmonton CAN"]
[Date "2006.12.28"]
[Round "4"]
[White "Lee, Vicente jr."]
[Black "Gardner, Robert"]
[Result "1-0"]
[WhiteElo "2330"]
[BlackElo "2302"]
[PlyCount "81"]
[EventDate "2006.12.07"]
[EventType "swiss"]
[EventRounds "4"]
[EventCountry "CAN"]

1. g3 g6 2. Bg2 Bg7 3. c4 f5 4. Nc3 Nf6 5. Nf3 O-O 6. O-O Nc6 7. d4 d6 8. d5
Ne5 9. Qb3 Nxf3+ 10. Bxf3 e5 11. dxe6 c6 12. Rd1 Qe7 13. Bf4 Rd8 14. Rd2 Bxe6
15. Rad1 Qf7 16. Bxd6 Bxc4 17. Qa3 Ne4 18. Nxe4 fxe4 19. Bxe4 Bxa2 20. Bf4 Rxd2
21. Rxd2 a5 22. h4 Bf8 23. Qd3 Bb4 24. Rd1 Bb3 25. Rc1 a4 26. Qd4 Be7 27. Be5
Rd8 28. Qc3 Qe6 29. Bg2 Bb4 30. Qxb4 Qxe5 31. Qxb7 Qxb2 32. Rxc6 Qxe2 33. Rc7
Qe5 34. Rxh7 Rf8 35. h5 gxh5 36. Re7 Qd4 37. Re3 Bc4 38. Qb4 Qd1+ 39. Kh2 Bd5
40. Qd6 Rxf2 41. Qg6+ 1-0

[Event "CAN-ch"]
[Site "Toronto CAN"]
[Date "2006.08.20"]
[Round "3"]
[White "Masse, Hugues"]
[Black "Lee, Vicente jr."]
[Result "1-0"]
[WhiteElo "2178"]
[BlackElo "2236"]
[PlyCount "141"]
[EventDate "2006.08.18"]
[EventType "swiss"]
[EventRounds "9"]
[EventCountry "CAN"]
[Source "Mark Crowther"]
[SourceDate "2006.08.21"]

1. d4 Nf6 2. c4 e6 3. Nc3 Bb4 4. Qc2 c5 5. dxc5 Bxc5 6. Nf3 O-O 7. Bg5 Nc6 8.
Rd1 Qb6 9. e3 Be7 10. Be2 h6 11. Bh4 Re8 12. O-O d5 13. Bxf6 Bxf6 14. cxd5 Bxc3
15. Qxc3 exd5 16. Rxd5 a6 17. b3 Be6 18. Rd2 Rac8 19. Qb2 Bg4 20. Rfd1 Re7 21.
Nd4 Bxe2 22. Nxe2 Ne5 23. Nf4 Ree8 24. h3 Rc6 25. Rd5 Qc7 26. Qe2 Qe7 27. Qd2
Rcc8 28. Nd3 Ng6 29. Rc1 Rcd8 30. Rxd8 Rxd8 31. Qc2 Qg5 32. Ne1 Qd5 33. Nf3 Ne5
34. Nd4 Ng6 35. Qf5 Qxf5 36. Nxf5 Rd7 37. Rc8+ Kh7 38. Nd4 Ne7 39. Rc1 Kg6 40.
Kf1 Kf6 41. Ke2 g5 42. Nf3 Nd5 43. Nd2 Ke5 44. Rc8 Rc7 45. Rxc7 Nxc7 46. Kd3 b5
47. Nf3+ Kd5 48. b4 Ne6 49. Nd4 Nc7 50. g3 h5 51. e4+ Ke5 52. Ke3 g4 53. f4+
gxf3 54. Nxf3+ Kd6 55. Kf4 Ne6+ 56. Kf5 Ke7 57. Ke5 Nf8 58. Kd5 Nd7 59. Kc6 Nf6
60. Ng5 Ne8 61. e5 f6 62. exf6+ Nxf6 63. a3 Nd7 64. Nf3 Nf6 65. Kb7 Ne4 66. g4
hxg4 67. hxg4 Nc3 68. Kxa6 Nb1 69. Kxb5 Nxa3+ 70. Kc6 Nc4 71. b5 1-0

[Event "CAN-ch"]
[Site "Toronto CAN"]
[Date "2006.08.21"]
[Round "4"]
[White "Lee, Vicente jr."]
[Black "Anastasovski, Nikola"]
[Result "1-0"]
[WhiteElo "2236"]
[BlackElo "2016"]
[PlyCount "131"]
[EventDate "2006.08.18"]
[EventType "swiss"]
[EventRounds "9"]
[EventCountry "CAN"]
[Source "Mark Crowther"]
[SourceDate "2006.08.28"]

1. e4 e5 2. Nf3 Nc6 3. Bb5 f5 4. d4 fxe4 5. Nxe5 Nf6 6. Bg5 Qe7 7. Bxc6 dxc6 8.
Nc3 Bf5 9. g4 Be6 10. Qe2 O-O-O 11. O-O-O Bd5 12. Rhe1 Qe6 13. Nxd5 cxd5 14. f3
Bd6 15. fxe4 dxe4 16. Nc4 Bxh2 17. b3 Bg3 18. Rg1 Bd6 19. d5 Qe7 20. Rgf1 h6
21. Bxf6 gxf6 22. Qf2 Bc5 23. Qf5+ Kb8 24. Qxf6 Qxf6 25. Rxf6 Rhg8 26. Kb1 b5
27. Ne5 Rd6 28. Nc6+ Kb7 29. Rf4 Re8 30. c4 bxc4 31. bxc4 e3 32. Kc2 Rg6 33.
Re1 h5 34. gxh5 Rg2+ 35. Kd3 Rd2+ 36. Kc3 Rxa2 37. Rb1+ Bb6 38. c5 e2 39. cxb6
e1=Q+ 40. Rxe1 Rxe1 41. bxa7 Re3+ 42. Kd4 Re8 43. Kc5 Rc2+ 44. Kb5 Rb2+ 45. Ka4
Kb6 46. Ka3 Rb5 47. Rf6 Kc5 48. Rf5 Re3+ 49. Ka2 Re2+ 50. Ka3 Re3+ 51. Ka2 Re2+
52. Ka3 Re3+ 53. Ka2 Re2+ 54. Ka1 Re8 55. h6 Kb6 56. h7 Kb7 57. Rg5 Re1+ 58.
Ka2 Re2+ 59. Ka3 Kb6 60. h8=Q Re3+ 61. Ka4 Re4+ 62. Nd4 Ra5+ 63. Kb4 Rxa7 64.
Qb8+ Rb7 65. Rg6+ c6 66. Rxc6# 1-0

[Event "CAN-ch"]
[Site "Toronto CAN"]
[Date "2006.08.23"]
[Round "6"]
[White "Lee, Vicente jr."]
[Black "Ristovic, Nenad"]
[Result "1/2-1/2"]
[WhiteElo "2236"]
[BlackElo "2293"]
[PlyCount "131"]
[EventDate "2006.08.18"]
[EventType "swiss"]
[EventRounds "9"]
[EventCountry "CAN"]
[Source "Mark Crowther"]
[SourceDate "2006.08.28"]

1. e4 e6 2. d4 d5 3. Nc3 Bb4 4. e5 c5 5. a3 Bxc3+ 6. bxc3 Qa5 7. Bd2 Qa4 8. Qb1
c4 9. Nf3 Nc6 10. g3 h6 11. h4 Nge7 12. Bg2 Bd7 13. O-O O-O-O 14. Qc1 Kb8 15.
h5 Ka8 16. Nh4 Bc8 17. Bf3 Rh7 18. Bg4 Rdh8 19. Kh2 g5 20. Ng2 Ng8 21. f4 f5
22. exf6 Nxf6 23. Be2 g4 24. Ne3 Rg8 25. Be1 Ne7 26. Qd1 Qe8 27. Rh1 Qxh5+ 28.
Kg1 Qg6 29. Ng2 Nf5 30. Bf1 Ne4 31. Nh4 Nxh4 32. Rxh4 Nd6 33. Qe2 Nf5 34. Rh1
h5 35. Bg2 h4 36. gxh4 g3 37. h5 Qh6 38. Bd2 Rhg7 39. a4 Qf6 40. Qe5 Qf7 41. a5
a6 42. Rb1 Rh7 43. Qe2 Rgh8 44. Bf3 Ng7 45. Kg2 Nxh5 46. Bxh5 Rxh5 47. Rxh5
Rxh5 48. Rh1 Rxh1 49. Kxh1 e5 50. dxe5 Bf5 51. Kg1 Qh7 52. Qg2 Qh4 53. Be1 Qxf4
54. Qxg3 Qxg3+ 55. Bxg3 b6 56. axb6 Kb7 57. Bf2 a5 58. Bc5 Kc6 59. Kf2 Bc8 60.
Ba3 Kxb6 61. Ke3 Kc6 62. Kd2 Kd7 63. Bd6 Ke6 64. Kc1 Kd7 65. Bc5 Kc6 66. Bd4
1/2-1/2

[Event "CAN-ch"]
[Site "Toronto CAN"]
[Date "2006.08.24"]
[Round "7"]
[White "Reeve, Jeff"]
[Black "Lee, Vicente jr."]
[Result "0-1"]
[WhiteElo "2252"]
[BlackElo "2236"]
[PlyCount "62"]
[EventDate "2006.08.18"]
[EventType "swiss"]
[EventRounds "9"]
[EventCountry "CAN"]
[Source "Mark Crowther"]
[SourceDate "2006.08.28"]

1. e4 c5 2. Nf3 d6 3. d4 cxd4 4. Nxd4 Nf6 5. Nc3 a6 6. Bg5 e6 7. f4 Qb6 8. Qd2
Qxb2 9. Nb3 Qa3 10. Bxf6 gxf6 11. Be2 h5 12. O-O Nc6 13. f5 Bd7 14. fxe6 fxe6
15. Rxf6 O-O-O 16. Raf1 Bg7 17. Rg6 Be5 18. Rf3 Rdf8 19. Rh6 Qb4 20. Rxh8 Rxh8
21. Rd3 h4 22. h3 Rf8 23. Bf3 Bf4 24. Qf2 Ne5 25. Ne2 Nxd3 26. cxd3 Bg5 27. Kh2
Kb8 28. g3 Qb5 29. d4 Qd3 30. Kg2 Be3 31. Qf1 Bb5 0-1

[Event "CAN-ch"]
[Site "Toronto CAN"]
[Date "2006.08.25"]
[Round "8"]
[White "Lee, Vicente jr."]
[Black "Mikanovic, Goran"]
[Result "1-0"]
[WhiteElo "2236"]
[BlackElo "2284"]
[PlyCount "143"]
[EventDate "2006.08.18"]
[EventType "swiss"]
[EventRounds "9"]
[EventCountry "CAN"]
[Source "Mark Crowther"]
[SourceDate "2006.08.28"]

1. e4 c5 2. Nf3 a6 3. c3 d5 4. exd5 Qxd5 5. d4 Nf6 6. Be2 e6 7. O-O cxd4 8.
cxd4 Be7 9. Nc3 Qa5 10. Ne5 O-O 11. Bf3 Rd8 12. Be3 Nbd7 13. Nc4 Qc7 14. Qb3
Rb8 15. a4 b6 16. Rfc1 Bb7 17. Nd2 Bxf3 18. Nxf3 Qb7 19. Rc2 h6 20. Bf4 Rbc8
21. Rac1 Nf8 22. h3 Ng6 23. Be3 Rb8 24. Ne2 Bd6 25. Qc4 Nd5 26. Bd2 Rd7 27. Qd3
Rc7 28. Rxc7 Bxc7 29. Nc3 Nf6 30. Re1 Ne7 31. Qc4 Ned5 32. Ne5 Bd6 33. Qe2 Rc8
34. Qf3 Bf8 35. g4 Rc7 36. Kg2 Nb4 37. Qxb7 Rxb7 38. Be3 Rc7 39. Kf3 Rc8 40.
Rd1 Be7 41. Nd3 Nbd5 42. Rc1 Rd8 43. Nxd5 Nxd5 44. Rc6 Bf6 45. Ke4 Kf8 46. a5
Rb8 47. axb6 Rxb6 48. Rxb6 Nxb6 49. Nc5 a5 50. b3 Nd5 51. Bd2 Bd8 52. Nb7 Ke8
53. Nxa5 Kd7 54. Nc4 Be7 55. Ne5+ Ke8 56. Kd3 f6 57. Nc6 Bd6 58. b4 Kd7 59. b5
g5 60. Na5 Kc7 61. Nc4 Bf4 62. Ne3 Ne7 63. Bb4 Bd6 64. Kc4 Bxb4 65. Kxb4 Kd6
66. Ka5 Kc7 67. Ka6 Nc8 68. Nc4 f5 69. b6+ Nxb6 70. Nxb6 Kc6 71. Ka5 f4 72. f3
1-0

[Event "CAN-ch"]
[Site "Toronto CAN"]
[Date "2006.08.26"]
[Round "9"]
[White "Lee, Vicente jr."]
[Black "Noritsyn, Nikolay"]
[Result "1-0"]
[WhiteElo "2236"]
[BlackElo "2354"]
[PlyCount "109"]
[EventDate "2006.08.18"]
[EventType "swiss"]
[EventRounds "9"]
[EventCountry "CAN"]
[Source "Mark Crowther"]
[SourceDate "2006.08.28"]

1. e4 c5 2. Nf3 Nc6 3. d4 cxd4 4. Nxd4 g6 5. Nc3 Bg7 6. Nb3 Nf6 7. Be2 O-O 8.
O-O d6 9. Bg5 Be6 10. Kh1 Rc8 11. f4 a6 12. Bf3 b5 13. Re1 Nd7 14. Rb1 Nb6 15.
Nd5 Nc4 16. c3 Re8 17. Nd2 Nb6 18. Qe2 Na4 19. Nb3 f6 20. Bh4 Bf7 21. Red1 e6
22. Ne3 Qe7 23. Nd4 Nxd4 24. cxd4 d5 25. exd5 exd5 26. Re1 Qd6 27. Qf2 f5 28.
Rbd1 Nb6 29. Bg3 Nd7 30. Bh4 h6 31. g3 Nb6 32. b3 Qb4 33. Ng2 Nd7 34. h3 Nb8
35. g4 Rxe1+ 36. Nxe1 Nc6 37. gxf5 gxf5 38. Nd3 Qxd4 39. Qg2 Qc3 40. Bxd5 Bxd5
41. Qxd5+ Kh8 42. Rc1 Qd2 43. Qd7 Rg8 44. Rxc6 Qd1+ 45. Kh2 Qh5 46. Bf2 Qf3 47.
Rg6 Kh7 48. Qxf5 Kh8 49. Rg2 Rf8 50. Qg6 Qb7 51. Bd4 Rf7 52. Qxh6+ Kg8 53.
Rxg7+ Rxg7 54. Qxg7+ Qxg7 55. Bxg7 1-0

[Event "CAN-op"]
[Site "Kitchener CAN"]
[Date "2006.07.15"]
[Round "1"]
[White "Becker, Paul"]
[Black "Lee, Vicente jr."]
[Result "0-1"]
[WhiteElo "1976"]
[BlackElo "2257"]
[PlyCount "86"]
[EventDate "2006.07.15"]
[EventType "swiss"]
[EventRounds "9"]
[EventCountry "CAN"]

1. e4 c5 2. Nf3 Nc6 3. d4 cxd4 4. Nxd4 g6 5. Nc3 Bg7 6. Be3 Nf6 7. Be2 O-O 8.
O-O d5 9. exd5 Nb4 10. Qd2 Nbxd5 11. Nxd5 Nxd5 12. Bh6 Bxh6 13. Qxh6 Qb6 14.
Nb3 Bf5 15. Rad1 Rad8 16. Nd4 Qxb2 17. Nxf5 gxf5 18. Qg5+ Qg7 19. Qxg7+ Kxg7
20. Bf3 Nb4 21. Rb1 a5 22. a4 Rc8 23. Bxb7 Rxc2 24. Rfc1 Rd8 25. Rxc2 Nxc2 26.
Ba6 Nb4 27. Bb5 e5 28. Kf1 Rd2 29. Rc1 Nc2 30. Be2 e4 31. g3 Kf6 32. Bd1 Nb4
33. Be2 Ra2 34. Bb5 Kg5 35. Rc3 f4 36. Rc5+ f5 37. gxf4+ Kxf4 38. Bd7 Rxf2+ 39.
Kg1 Rd2 40. Rxf5+ Ke3 41. Be6 Nc2 42. Rxa5 Ne1 43. Rh5 Nf3+ 0-1

[Event "CAN-op"]
[Site "Kitchener CAN"]
[Date "2006.07.16"]
[Round "2"]
[White "Lee, Vicente jr."]
[Black "Huzman, Alexander"]
[Result "0-1"]
[WhiteElo "2257"]
[BlackElo "2585"]
[PlyCount "122"]
[EventDate "2006.07.15"]
[EventType "swiss"]
[EventRounds "9"]
[EventCountry "CAN"]

1. d4 Nf6 2. Nf3 e6 3. g3 b5 4. Bg2 d5 5. a4 b4 6. Nbd2 c5 7. c4 bxc3 8. bxc3
Nc6 9. O-O cxd4 10. Nxd4 Nxd4 11. cxd4 Ba6 12. Ba3 Bxa3 13. Rxa3 Qd6 14. Ra1
O-O 15. Re1 Rab8 16. Nb3 Nd7 17. Rc1 Rfc8 18. Rxc8+ Rxc8 19. Nc1 Qb4 20. e3 Nb6
21. Bf1 Bxf1 22. Rxf1 Qxa4 23. Qxa4 Nxa4 24. Nd3 Rc7 25. Ra1 Nb6 26. Nc5 Nd7
27. Na6 Rb7 28. Ra2 Kf8 29. Kg2 Ke7 30. Kf3 Kd6 31. Rc2 Nb8 32. Nc5 Rb1 33. Ra2
Nc6 34. Na6 f6 35. h4 e5 36. dxe5+ fxe5 37. Ke2 e4 38. Kd2 Ne5 39. Kc2 Rb6 40.
Kd2 Rb1 41. Kc2 Rf1 42. Kc3 Nc6 43. Nb4 Rc1+ 44. Nc2 a5 45. Kd2 Rb1 46. Na3 Rb3
47. Nc2 Kc5 48. Ra1 Kb6 49. Rf1 Ne5 50. Nd4 Nf3+ 51. Nxf3 exf3 52. Kc2 Rb4 53.
Rd1 Kc5 54. Kc3 Rc4+ 55. Kb3 a4+ 56. Kb2 d4 57. exd4+ Rxd4 58. Rc1+ Kb4 59. Rc7
Rd2+ 60. Kc1 Rxf2 61. Rxg7 Rg2 0-1

[Event "CAN-op"]
[Site "Kitchener CAN"]
[Date "2006.07.17"]
[Round "3"]
[White "Sauve, Richard"]
[Black "Lee, Vicente jr."]
[Result "0-1"]
[WhiteElo "2004"]
[BlackElo "2257"]
[PlyCount "126"]
[EventDate "2006.07.15"]
[EventType "swiss"]
[EventRounds "9"]
[EventCountry "CAN"]

1. d4 Nf6 2. c4 e6 3. Nc3 d5 4. cxd5 exd5 5. Bg5 Be7 6. e3 O-O 7. Bd3 Nbd7 8.
Nge2 Re8 9. O-O c6 10. Qc2 Nf8 11. Rab1 a5 12. a3 Nh5 13. Bxe7 Qxe7 14. b4 axb4
15. axb4 Ng6 16. Rfc1 Qg5 17. b5 Nh4 18. Ng3 f5 19. bxc6 bxc6 20. Nce2 Bd7 21.
Rb7 Re7 22. Rxd7 Rxd7 23. Qxc6 Rdd8 24. Qe6+ Kh8 25. Bxf5 Ra2 26. Nc3 Raa8 27.
f4 Qf6 28. Nxd5 Qf8 29. Nxh5 Nxf5 30. Nc7 Rac8 31. Rc5 Qd6 32. Rxf5 Qxc7 33.
Rc5 Qb7 34. Rxc8 Rxc8 35. d5 h6 36. Qe5 Qb1+ 37. Kf2 Qc2+ 38. Kf3 Qg6 39. g4
Rg8 40. d6 Qd3 41. Ng3 Qd1+ 42. Ne2 Qf1+ 43. Ke4 Qxe2 44. d7 Qxg4 45. Qe7 Qg2+
46. Kf5 Qa8 47. e4 Qb8 48. e5 Qb1+ 49. Ke6 Qb3+ 50. Kd6 Qb4+ 51. Ke6 Qc4+ 52.
Kd6 Qa6+ 53. Kd5 Qb7+ 54. Ke6 Qb3+ 55. Kd6 Qb8+ 56. Kc6 Qa8+ 57. Kc7 Qa5+ 58.
Kd6 Qb6+ 59. Kd5 Rb8 60. e6 Qb3+ 61. Kc6 Qb5+ 62. Kd6 Qb4+ 63. Kc7 Qb6# 0-1

[Event "CAN-op"]
[Site "Kitchener CAN"]
[Date "2006.07.18"]
[Round "4"]
[White "Lee, Vicente jr."]
[Black "Lacau Rodean, Lucian"]
[Result "0-1"]
[WhiteElo "2257"]
[BlackElo "2109"]
[PlyCount "54"]
[EventDate "2006.07.15"]
[EventType "swiss"]
[EventRounds "9"]
[EventCountry "CAN"]

1. d4 Nf6 2. c4 g6 3. Nc3 Bg7 4. e4 d6 5. Be2 O-O 6. g4 c5 7. d5 e6 8. g5 Ne8
9. h4 Nc7 10. h5 b5 11. cxb5 a6 12. b6 Nb5 13. Na4 Nd4 14. Bc4 Nd7 15. Ne2 Ne5
16. Nxd4 cxd4 17. Bb3 exd5 18. Bxd5 Bg4 19. Qb3 Rc8 20. f4 d3 21. hxg6 hxg6 22.
O-O Be2 23. Bd2 Rc2 24. Bc3 Nf3+ 25. Rxf3 Bxf3 26. Bxg7 Kxg7 27. Qxd3 Rg2+ 0-1

[Event "CAN-op"]
[Site "Kitchener CAN"]
[Date "2006.07.19"]
[Round "5"]
[White "Semyonov, Vladimir"]
[Black "Lee, Vicente jr."]
[Result "1/2-1/2"]
[WhiteElo "2089"]
[BlackElo "2257"]
[PlyCount "65"]
[EventDate "2006.07.15"]
[EventType "swiss"]
[EventRounds "9"]
[EventCountry "CAN"]

1. c4 e5 2. Nc3 Nf6 3. Nf3 Nc6 4. g3 Bc5 5. Bg2 d6 6. O-O a5 7. d3 h6 8. e3 O-O
9. b3 Bg4 10. Bb2 Qd7 11. Re1 Rfe8 12. a3 Qf5 13. Nd5 Nxd5 14. cxd5 Ne7 15. e4
Qh5 16. d4 exd4 17. Qd3 c6 18. b4 Bb6 19. bxa5 Bxa5 20. Qxd4 f6 21. Re3 c5 22.
Qd3 b5 23. Qxb5 Nf5 24. exf5 Rxe3 25. fxe3 Bxf3 26. Qc4 Bxg2 27. Kxg2 Qxf5 28.
Rf1 Qg6 29. e4 Re8 30. Rf5 Qg4 31. Rf4 Qg6 32. Rf5 Qg4 33. Rf4 1/2-1/2

[Event "CAN-op"]
[Site "Kitchener CAN"]
[Date "2006.07.21"]
[Round "7"]
[White "Lee, Vicente jr."]
[Black "Arandia, Henry"]
[Result "1/2-1/2"]
[WhiteElo "2257"]
[BlackElo "2052"]
[PlyCount "74"]
[EventDate "2006.07.15"]
[EventType "swiss"]
[EventRounds "9"]
[EventCountry "CAN"]

1. Nf3 Nf6 2. d4 g6 3. c4 Bg7 4. Nc3 O-O 5. e4 d6 6. Be2 e5 7. O-O Nc6 8. d5
Ne7 9. b4 Nd7 10. a4 Kh8 11. Ba3 Ng8 12. c5 f5 13. Nd2 Ngf6 14. f3 Nh5 15. Nc4
Ndf6 16. g3 fxe4 17. fxe4 Bh3 18. Rf2 Qd7 19. cxd6 Ng4 20. Rxf8+ Rxf8 21. Bxg4
Bxg4 22. Qd2 Bh3 23. Qe2 cxd6 24. b5 Rf6 25. Re1 Bh6 26. Bc1 Qg7 27. Bxh6 Qxh6
28. Qe3 Qf8 29. Nd2 Qc8 30. Nd1 Qc2 31. a5 Qa4 32. b6 a6 33. Nf2 Bd7 34. Ra1
Qb5 35. Nd3 Bh3 36. Nf2 Bd7 37. Nd3 Bh3 1/2-1/2